Genética y mejora animal / (Record no. 84511)

MARC details
000 -LEADER
campo de control de longitud fija 00631nam a2200193 i 4500
001 - NÚMERO DE CONTROL
campo de control 84511
003 - IDENTIFICADOR DE NÚMERO DE CONTROL
campo de control ES-MaACL
005 - FECHA Y HORA DE LA ÚLTIMA TRANSACCIÓN
campo de control 20230906175028.0
007 - CAMPO FIJO DE DESCRIPCIÓN FÍSICA--INFORMACIÓN GENERAL
campo de control de longitud fija t|
008 - DATOS DE LONGITUD FIJA--INFORMACIÓN GENERAL
campo de control de longitud fija 041123s1972 sp ||||1| spa d
100 1# - ENTRADA PRINCIPAL--NOMBRE DE PERSONA
Nombre de persona Johansson, Ivar.
9 (RLIN) 66726
245 10 - MENCIÓN DEL TÍTULO
Título Genética y mejora animal /
Mención de responsabilidad, etc. Ivar Johansson, Jan Rendel ; traducido por Francisco Puchal Mas y Pedro Ducar Maluenda.
260 ## - PUBLICACIÓN, DISTRIBUCIÓN, ETC.
Lugar de publicación, distribución, etc. Zaragoza :
Nombre del editor, distribuidor, etc. Acribia,
Fecha de publicación, distribución, etc. [1972]
300 ## - DESCRIPCIÓN FÍSICA
Extensión XI, 567 p. :
Otras características físicas il. ;
Dimensiones 24 cm.
700 1# - ENTRADA AGREGADA--NOMBRE PERSONAL
Nombre de persona Rendel, Jan.
9 (RLIN) 96200
700 1# - ENTRADA AGREGADA--NOMBRE PERSONAL
Nombre de persona Puchal Más, Francisco.
9 (RLIN) 94115
700 1# - ENTRADA AGREGADA--NOMBRE PERSONAL
Nombre de persona Ducar Maluenda, Pedro.
9 (RLIN) 45803
852 ## - LOCALIZACIÓN
Ubicación ES-MaACL
Número de control de estantería C-42724
Sublocalización o colección R.81107
Holdings
Estatus retirado Estado de pérdida Estado de daño No para préstamo Biblioteca de origen Biblioteca actual Ubicación en estantería Fecha de adquisición Fuente de adquisición Total de préstamos Signatura topográfica completa Código de barras Visto por última vez Precio de reemplazo Tipo de ítem Koha
        Biblioteca del Ateneo de Madrid Biblioteca del Ateneo de Madrid Depósito 2 17/01/2008     C-42724 1088316 23/02/2023 23/02/2023 Libro impreso